Представление документа в формате MARC21

Поле Инд. ПП Название Значение
Тип записи a
Библиографический уровень b
001 Контрольный номер 1015072ca15c4b35aae59fe4cda7562b
005 Дата корректировки 20250417115311.7
008 Кодируемые данные 20140826
040 b Код языка каталог. rus
e Правила каталог. PSBO
041 0_ a Код языка текста rus
084 a Индекс другой классификации/Индекс ББК 60.80
100 1_ a Автор Павлов П. Н.
q Полное имя Павлов Павел Николаевич
245 10 a Заглавие Экономические факторы нормотворческой активности в России
504 a Библиография Лит. в конце статьи : 45 наименований
650 04 a Основная рубрика социальное управление; теория социального управления
653 1_ a Ключевые слова Big Data (большие данные)
a Ключевые слова государственная власть
a Ключевые слова государственная собственность
a Ключевые слова государственное регулирование
a Ключевые слова государственный контроль
a Ключевые слова методы лингвистического анализа
a Ключевые слова нормативно-правовые акты
a Ключевые слова нормотворчество
a Ключевые слова отрасли экономики
a Ключевые слова Россия
a Ключевые слова ручное управление
a Ключевые слова стратегическое управление
a Ключевые слова экономика
773 08 t Заглавие источника Вопросы государственного и муниципального управления
d Дата издания источника 2019
g Прочая информация № 2. - С. 39 - 70 : табл., граф., диагр.
w Контрольный № источника DU/616683499
901 t Тип документа b